Iditarod Checkpoints - Statistics

General Stats
  • This quiz has been taken 19 times
    17 since last reset
  • The average score is 18 of 32
Answer Stats
Route Checkpoint % Correct
Yearly - End Nome
100%
Alternate - Start Fairbanks
92%
South Iditarod
85%
North Ruby
85%
Yearly Safety
85%
Yearly White Mountain
85%
Yearly Koyuk
77%
Yearly Takotna
77%
Yearly Unalakleet
77%
Yearly - Start Willow
77%
South Anvik
69%
Yearly Elim
69%
Yearly Mcgrath
69%
North Galena
62%
Yearly Rainy Pass
62%
Yearly Skwentna
62%
Yearly Nikolai
54%
Yearly Ophir
54%
Yearly Rohn
54%
Yearly Shaktoolik
54%
Yearly Finger Lake
46%
Yearly Kaltag
46%
South Shageluk
38%
Yearly Yentna
38%
North Cripple
31%
Alternate Nenana
31%
North Nulato
31%
South Eagle Island
23%
Alternate Manley
23%
South Grayling
15%
Alternate Huslia
15%
Alternate Tanana
15%
No matching quizzes found
Score Distribution
Percent of People with Each Score
Percentile by Number Answered
Your Score History
You have not taken this quiz since the last reset